Statistics for Numbers 1 to 20 in Alphabetical Order

Click here to take the quiz!

General Stats

  • This quiz has been taken 444 times
  • The average score is 7 of 20

Answer Stats

NUMBER% Correct
eight
97%
eighteen
82%
eleven
64%
five
60%
fifteen
56%
four
55%
fourteen
49%
nine
32%
one
32%
nineteen
29%
seven
23%
six
21%
seventeen
20%
sixteen
17%
ten
13%
three
13%
two
13%
thirteen
11%
twenty
10%
twelve
8%

Score Distribution

Percentile by Number Answered

Percent of People with Each Score

Your Score History

You have not taken this quiz